000
00281nam a2200121Ia 4500
008
230312s9999||||xx |||||||||||||| ||und||
082
_a
629.213
_b
M-9/B-1
100
_a
SATC
245
0
_a
Human Factors:M-9
260
_a
Pakistan
_c
2022
650
_a
Aviation
_v
Avionics
942
_c
BK
999
_c
14374
_d
14374